书目信息 |
| 题名: |
汽车及配件营销
|
|
| 作者: | 张煜 主编 | |
| 分册: | ||
| 出版信息: | 北京 北京理工大学出版社 2007.03 |
|
| 页数: | 158页 | |
| 开本: | 26cm | |
| 丛书名: | ||
| 单 册: | ||
| 中图分类: | F766 | |
| 科图分类: | ||
| 主题词: | 商品学 | |
| 电子资源: | ||
| ISBN: | 978-7-5640-0463-7 | |
| 000 | 00554nam0 2200193 450 | |
| 001 | 934 | |
| 005 | 20160909102616.31 | |
| 010 | @a978-7-5640-0463-7@b平装@dCNY18.00 | |
| 100 | @a20160725d2007 km y0chiy0120 ea | |
| 101 | 0 | @achi |
| 102 | @aCN@b110000 | |
| 200 | 1 | @a汽车及配件营销@Aqi che ji pei jian ying xiao@f张煜主编@Fzhang yu zhu bian |
| 210 | @a北京@c北京理工大学出版社@d2007.03 | |
| 215 | @a158页@d26cm | |
| 606 | 0 | @a商品学 |
| 690 | @aF766@v4 | |
| 701 | 0 | @a张煜@Azhang yu@4主编 |
| 801 | 0 | @aCN@b唐山师范学院图书馆@c20151002 |
| 905 | @aZUCC@dF766@e49 | |
| 汽车及配件营销/张煜主编.-北京:北京理工大学出版社,2007.03 |
| 158页;26cm |
| ISBN 978-7-5640-0463-7(平装):CNY18.00 |
| ● |
| 相关链接 |
|
|
|
|
正题名:汽车及配件营销
索取号:F766/49
 
预约/预借
| 序号 | 登录号 | 条形码 | 馆藏地/架位号 | 状态 | 备注 |
| 1 | 903920 | 209039208 | 第一样本阅览室/ [索取号:F766/49] | 在馆 | |
| 2 | 903921 | 209039217 | 第一借阅区/ [索取号:F766/49] | 在馆 | |
| 3 | 903922 | 209039226 | 第一借阅区/ [索取号:F766/49] | 在馆 | |
| 4 | 903923 | 209039235 | 第一借阅区/ [索取号:F766/49] | 在馆 |